000 00965nas0a22002171i 4500
001 v19\rc\1227054
005 20260407002230.0
035 _a(NLR Aleph) 004388282
090 _a3718287
_c3718287
100 _a20060306d18791906|||y0rusy50 ca
101 0 _arus
102 _aRU
105 _ay z |||||
200 1 _aИзвестия Общества для содействия русскому торговому мореходству
_eВып. 1-69
210 _aМосква
_d1879-1906
710 0 2 _aОбщество для содействия русскому торговому мореходству
_cМосква
_3RU\NLR\AUTH\889992787
_9481918
801 0 _aRU
_bNLR
_gpsbo
801 1 _aRU
_bProSoft-M
_2rusmarc
830 _aПеречень имеющихся в библиотеке томов, номеров, годов этого издания смотри в каталоге периодических изданий
852 _aNLR
_j2/704
942 _cSE